=LDR 00000nam 2200000 4500 =001 NUTBA000000000006342 =005 20141204111022.0 =006 =007 =008 =035 ##$$a 0010-121400000000066 =082 ##$$2 923.69 =090 ##$$a 923.69-Ans-l =100 ##$$a Ansorie Diah =245 ##$$a Lord Baden Powell $b Bapak Pandu Sedunia =260 ##$$a Jakarta $b Djambatan $c 1976 =300 ##$$a v,34 hlm $b ilus $c 21 cm =990 ##$$a 0001/BPAP-NTB/20142014